Logo

Description automatically generated
विद्यार्जन
 संसाधन केंद्र, भारतीय प्रौद्योगिकी संस्थान इन्दौर
Learning Resource Center, Indian Institute of Technology Indore

ऑनलाइन सार्वजनिक अभिगम प्रसूची
Online Public Access Catalogue (OPAC)

Environmental engineering (Record no. 57258)

MARC details
000 -LEADER
fixed length control field 00728nam a22002417a 4500
005 - DATE AND TIME OF LATEST TRANSACTION
control field 20260624153458.0
008 - FIXED-LENGTH DATA ELEMENTS--GENERAL INFORMATION
fixed length control field 260624b |||||||| |||| 00| 0 eng d
020 ## - INTERNATIONAL STANDARD BOOK NUMBER
International Standard Book Number 9780071002318
Qualifying information pbk
020 ## - INTERNATIONAL STANDARD BOOK NUMBER
International Standard Book Number 0071002316
Qualifying information pbk
082 ## - DEWEY DECIMAL CLASSIFICATION NUMBER
Classification number 628
Item number PEA
100 ## - MAIN ENTRY--PERSONAL NAME
Personal name Peavy, Howard S.
245 ## - TITLE STATEMENT
Title Environmental engineering
250 ## - EDITION STATEMENT
Edition statement International ed. 1985
260 ## - PUBLICATION, DISTRIBUTION, ETC.
Place of publication, distribution, etc. Singapore
Name of publisher, distributor, etc. McGraw-Hill Book Company
Date of publication, distribution, etc. 1985
300 ## - PHYSICAL DESCRIPTION
Extent xiv, 699, [I1-I20]p. ; 21 cm.
440 ## - SERIES STATEMENT/ADDED ENTRY--TITLE
Title McGraw-Hill series in water resources and environmental engineering
653 ## - INDEX TERM--UNCONTROLLED
Uncontrolled term Civil Engineering
653 ## - INDEX TERM--UNCONTROLLED
Uncontrolled term Environmental engineering
653 ## - INDEX TERM--UNCONTROLLED
Uncontrolled term CE218
700 ## - ADDED ENTRY--PERSONAL NAME
Personal name Rowe, Donald R.
700 ## - ADDED ENTRY--PERSONAL NAME
Personal name Tchobanoglous, George
942 ## - ADDED ENTRY ELEMENTS (KOHA)
Source of classification or shelving scheme Dewey Decimal Classification
Koha item type Book
Holdings
Withdrawn status Lost status Source of classification or shelving scheme Damaged status Not for loan Collection code Home library Current library Shelving location Date acquired Source of acquisition Total Checkouts Full call number Barcode Date last seen Price effective from Koha item type
    Dewey Decimal Classification     Text/Reserve Book LRC, IIT Indore LRC, IIT Indore 2nd Floor - Textbook Reserve 18/06/2026 PO_2025-26_PO-122 Vendor: International Book Agency, Lucknow IN59/26-27, dt.12.06.2026 INR 15995.00   628 PEA 38836 25/06/2026 24/06/2026 Text/Reserve Book
Copyright © 2017-2026 Indian Institute of Technology Indore. All Rights Reserved.
Managed & maintained by Learning Resource Center, IIT Indore